000 00705nam a2200289Ia 4500
005 20260324125938.0
008 008 260324s9999 xx 000 0 eng d
020 _a9780203927595
037 _aEBOOK
040 _aCRL
040 _beng
040 _cCRL
041 _2eng
041 _aeng
084 _qCRL
100 _aJoanna Haynes
_91179935
245 0 _aChildren as Philosophers
245 0 _bLearning Through Enquiry and Dialogue in the Primary Classroom
260 _bTaylor and Francis
260 _c2008
365 _a
365 _b240
856 _uhttp://www.taylorfrancis.com/books/9780203927595
942 _cEBOOK
999 _c1775619
_d1775619